A COMPREHENSIVE STUDY OF UROLOGY IN AYURVEDA (Record no. 16530)

MARC details
000 -LEADER
fixed length control field 00342nam a22001457a 4500
003 - CONTROL NUMBER IDENTIFIER
control field SGT
020 ## - INTERNATIONAL STANDARD BOOK NUMBER
International Standard Book Number 978-93-86735-48-5
082 ## - DEWEY DECIMAL CLASSIFICATION NUMBER
Classification number 616.6
Item number U18K
100 ## - MAIN ENTRY--PERSONAL NAME
Personal name KUMAR,BISHNU
245 ## - TITLE STATEMENT
Title A COMPREHENSIVE STUDY OF UROLOGY IN AYURVEDA
260 ## - PUBLICATION, DISTRIBUTION, ETC. (IMPRINT)
Place of publication, distribution, etc VARANASI
Name of publisher, distributor, etc CHAUKHAMBA PUB
Year of Publication 2018
300 ## - PAGE DESCRIPTION
No. of Pages 176
650 ## - SUBJECT ADDED ENTRY--TOPICAL TERM
Topical term or geographic name as entry element AYURVEDA
942 ## - ADDED ENTRY ELEMENTS (KOHA)
Source of classification or shelving scheme Dewey Decimal Classification
Koha item type Books
942 ## - ADDED ENTRY ELEMENTS (KOHA)
-- 7
Holdings
Withdrawn status Lost status Source of classification or shelving scheme Damaged status Not for loan Collection code Home library Current library Shelving location Date acquired Vendor Name Cost, normal purchase price SGTU Bill Number Total Checkouts Full call number Accession No. (Barcode) Date last seen Date last borrowed Bill Date Koha item type
    Dewey Decimal Classification     AYURVEDA SGT FA-FP Library SGT FA-FP Library Text Book 18/01/2019 CHAUKHAMBA PUB 165.00 SGTU 1338 4 616.6 U18K FA8397 24/04/2025 24/04/2025 16/01/2019 Books
    Dewey Decimal Classification     AYURVEDA SGT FA-FP Library SGT FA-FP Library Text Book 18/01/2019 CHAUKHAMBA PUB 165.00 SGTU 1338   616.6 U18K FA8398 18/01/2019   16/01/2019 Books
    Dewey Decimal Classification     AYURVEDA SGT FA-FP Library SGT FA-FP Library Text Book 18/01/2019 CHAUKHAMBA PUB 165.00 SGTU 1338 2 616.6 U18K FA8399 25/02/2025 25/02/2025 16/01/2019 Books
    Dewey Decimal Classification     AYURVEDA SGT FA-FP Library SGT FA-FP Library Text Book 18/01/2019 CHAUKHAMBA PUB 165.00 SGTU 1338 1 616.6 U18K FA8400 04/05/2019 18/04/2019 16/01/2019 Books
    Dewey Decimal Classification     AYURVEDA SGT FA-FP Library SGT FA-FP Library Text Book 18/01/2019 CHAUKHAMBA PUB 165.00 SGTU 1338 12 616.6 U18K FA8396 24/06/2025 24/06/2025 16/01/2019 Books